000 00736nam a2200217Ia 4500
003 GCL
005 20240530102236.0
008 140319s9999 xx 000 0 ara d
040 _aGCL /
_cGCL
082 0 4 _a320.121
_bح ا
100 1 _aحيدر ابراهيم على
245 1 0 _aازمة الاسلام السياسى : الجبهه الاسلامية القومية فى السودان نموذجا /
_cحيدر ابراهيم على
260 _a[S.N] :
_bالنيل للنشر والتوزيع ،
_c1992
300 _a225 ص
650 0 4 _aالاسلام
650 0 4 _aالاحوال السياسية
650 0 4 _aالسودان
650 0 4 _aالسياسة
650 0 4 _aالفكر السياسى
942 _2ddc
_cBK
999 _c30848
_d30848